[Event "Internacional Barreiro"]
[Site "?"]
[Date "2017.10.05"]
[Round "1.1"]
[White "Correia, Pedro Mourao Soares"]
[Black "Silva, David Miguel da"]
[Result "0-1"]
[BlackElo "2252"]
[WhiteElo "1591"]
[LiveChessVersion "1.4.8"]

1. e4 {[%clk 1:30:48]} c5 {[%clk 1:23:27]} 2. Nf3 {[%clk 1:30:48]} Nc6
{[%clk 1:23:35]} 3. Bb5 {[%clk 1:30:49]} d6 {[%clk 1:23:49]} 4. Nc3
{[%clk 1:30:22]} Bd7 {[%clk 1:24:02]} 5. O-O {[%clk 1:24:32]} a6 {[%clk 1:17:50]}
6. Bxc6 {[%clk 1:17:44]} bxc6 {[%clk 1:17:35]} 7. d4 {[%clk 1:16:58]} cxd4
{[%clk 1:18:00]} 8. Qxd4 {[%clk 1:16:25]} e5 {[%clk 1:18:01]} 9. Nxe5
{[%clk 0:59:13]} dxe5 {[%clk 1:17:54]} 10. Qxe5+ {[%clk 0:59:27]} Qe7
{[%clk 1:17:50]} 11. Qg3 {[%clk 0:58:47]} Qe6 {[%clk 1:15:36]} 12. f3
{[%clk 0:52:21]} Bc5+ {[%clk 1:14:32]} 13. Kh1 {[%clk 0:48:41]} Bd4
{[%clk 1:13:07]} 14. f4 {[%clk 0:41:59]} Nf6 {[%clk 1:08:08]} 15. f5
{[%clk 0:36:13]} Qe7 {[%clk 1:07:03]} 16. Bf4 {[%clk 0:32:58]} Nh5
{[%clk 1:07:01]} 17. Qd3 {[%clk 0:29:52]} Be5 {[%clk 1:07:26]} 18. Nd5
{[%clk 0:25:32]} cxd5 {[%clk 1:04:43]} 19. Qxd5 {[%clk 0:22:57]} Nxf4
{[%clk 1:05:02]} 20. Qxa8+ {[%clk 0:21:34]} Qd8 {[%clk 1:05:24]} 21. Qxa6
{[%clk 0:19:59]} O-O {[%clk 1:05:36]} 22. Rf3 {[%clk 0:15:07]} Qb8
{[%clk 1:04:07]} 23. Rb3 {[%clk 0:11:48]} Qc7 {[%clk 1:04:17]} 24. g3
{[%clk 0:07:00]} Qxc2 {[%clk 1:03:18]} 25. gxf4 {[%clk 0:06:07]} Bxf4
{[%clk 1:02:28]} 26. Rh3 {[%clk 0:05:12]} Qxe4+ {[%clk 1:02:45]} 27. Kg1
{[%clk 0:05:09]} Be3+ {[%clk 1:03:03]} 28. Rxe3 {[%clk 0:04:35]} Qxe3+
{[%clk 1:03:29]} 29. Kg2 {[%clk 0:04:15]} Bxf5 {[%clk 1:03:55]} 30. h4
{[%clk 0:02:29]} Be4+ {[%clk 1:04:23]} 31. Kh2 {[%clk 0:02:31]} Qf2+
{[%clk 1:04:50]} 0-1

[Event "Internacional Barreiro"]
[Site "?"]
[Date "2017.10.05"]
[Round "1.2"]
[White "Ulyanovskyy, Viktor"]
[Black "Santos, Amadeu Solha"]
[Result "1-0"]
[BlackElo "1588"]
[WhiteElo "2205"]
[LiveChessVersion "1.4.8"]

1. e4 e5 {[%clk 1:30:46]} 2. Nf3 {[%clk 1:30:39]} Nc6 {[%clk 1:30:47]} 3. Bb5
{[%clk 1:31:07]} d6 {[%clk 1:30:47]} 4. d4 {[%clk 1:31:34]} Bd7 {[%clk 1:30:40]}
5. Nc3 {[%clk 1:31:03]} Nxd4 {[%clk 1:25:42]} 6. Bxd7+ {[%clk 1:31:19]} Qxd7
{[%clk 1:25:40]} 7. Nxd4 {[%clk 1:31:46]} exd4 {[%clk 1:25:44]} 8. Qxd4
{[%clk 1:32:13]} Nf6 {[%clk 1:24:26]} 9. O-O {[%clk 1:30:32]} Ng4
{[%clk 1:22:11]} 10. Bf4 {[%clk 1:29:33]} f6 {[%clk 1:18:53]} 11. Rad1
{[%clk 1:27:51]} Ne5 {[%clk 1:18:05]} 12. Bxe5 {[%clk 1:27:57]} fxe5
{[%clk 1:17:52]} 13. Qe3 {[%clk 1:26:55]} c6 {[%clk 1:15:49]} 14. Na4
{[%clk 1:23:40]} b6 {[%clk 1:07:12]} 15. c4 {[%clk 1:22:09]} b5 {[%clk 1:03:36]}
16. cxb5 {[%clk 1:22:14]} cxb5 {[%clk 1:02:59]} 17. Nc3 {[%clk 1:22:35]} Be7
{[%clk 1:00:25]} 18. f4 {[%clk 1:22:33]} O-O {[%clk 1:00:04]} 19. fxe5
{[%clk 1:19:12]} Rxf1+ {[%clk 0:58:29]} 20. Kxf1 {[%clk 1:19:11]} Rf8+
{[%clk 0:56:52]} 21. Kg1 {[%clk 1:19:33]} Qg4 {[%clk 0:47:14]} 22. exd6
{[%clk 1:14:54]} Bh4 {[%clk 0:46:04]} 23. Rf1 {[%clk 1:12:59]} Rxf1+
{[%clk 0:38:05]} 24. Kxf1 {[%clk 1:12:22]} Bg5 {[%clk 0:36:42]} 25. Qf3
{[%clk 1:07:46]} Qe6 {[%clk 0:36:17]} 26. Qf5 {[%clk 1:07:30]} Qc4+
{[%clk 0:33:31]} 27. Ke1 {[%clk 1:07:31]} Bf6 {[%clk 0:31:38]} 28. Qd5+
{[%clk 1:07:22]} Kf8 {[%clk 0:27:48]} 29. Qxc4 {[%clk 1:07:36]} bxc4
{[%clk 0:28:05]} 30. Nd5 {[%clk 1:06:40]} Bd8 {[%clk 0:27:48]} 31. e5
{[%clk 1:06:31]} Kf7 {[%clk 0:28:04]} 32. Nc7 {[%clk 1:06:55]} 1-0

[Event "Internacional Barreiro"]
[Site "?"]
[Date "2017.10.05"]
[Round "1.3"]
[White "Silva, Jose Antonio Duarte"]
[Black "Santos, Antonio Pereira dos"]
[Result "0-1"]
[BlackElo "2201"]
[WhiteElo "1569"]
[LiveChessVersion "1.4.8"]

1. e4 {[%clk 1:30:53]} c5 {[%clk 1:20:01]} 2. Nf3 {[%clk 1:29:04]} Nc6
{[%clk 1:07:18]} 3. c3 {[%clk 1:22:32]} d5 {[%clk 1:07:12]} 4. e5
{[%clk 1:22:08]} Bg4 {[%clk 1:05:09]} 5. Bb5 {[%clk 1:21:06]} Qb6
{[%clk 1:05:15]} 6. Bxc6+ Qxc6 {[%clk 1:05:30]} 7. d4 {[%clk 1:19:31]} e6
{[%clk 0:47:00]} 8. O-O {[%clk 1:17:11]} Rc8 {[%clk 0:46:40]} 9. Be3
{[%clk 1:14:26]} b6 {[%clk 0:40:52]} 10. Nbd2 {[%clk 1:13:10]} Nh6
{[%clk 0:40:31]} 11. a3 {[%clk 1:11:03]} Nf5 {[%clk 0:40:33]} 12. h3
{[%clk 1:09:19]} Bh5 {[%clk 0:30:46]} 13. Bf4 {[%clk 1:05:54]} Nh4
{[%clk 0:25:03]} 14. g4 {[%clk 1:04:36]} Nxf3+ {[%clk 0:25:22]} 15. Nxf3
{[%clk 1:01:32]} Bg6 {[%clk 0:25:43]} 16. Nh4 {[%clk 0:58:39]} Be7
{[%clk 0:22:44]} 17. Ng2 {[%clk 0:58:28]} cxd4 {[%clk 0:12:40]} 18. cxd4
{[%clk 0:57:45]} Qc2 {[%clk 0:12:57]} 19. Rc1 {[%clk 0:56:55]} Qxd1
{[%clk 0:13:13]} 20. Rxc8+ {[%clk 0:56:59]} Kd7 {[%clk 0:13:41]} 21. Rxd1
{[%clk 0:56:09]} Rxc8 {[%clk 0:14:03]} 22. Rc1 {[%clk 0:55:24]} Rxc1+
{[%clk 0:09:09]} 23. Bxc1 {[%clk 0:55:11]} Kc6 {[%clk 0:09:30]} 24. Kf1
{[%clk 0:51:00]} Kb5 {[%clk 0:08:24]} 25. Ke2 {[%clk 0:51:08]} Kc4
{[%clk 0:08:28]} 26. Ke3 {[%clk 0:50:58]} Be4 {[%clk 0:05:22]} 27. Ne1
{[%clk 0:48:13]} Bg5+ {[%clk 0:05:30]} 28. f4 {[%clk 0:48:21]} Bh4
{[%clk 0:05:58]} 29. Bd2 {[%clk 0:47:59]} Kb3 {[%clk 0:06:24]} 30. Bc3
{[%clk 0:47:23]} Bxe1 {[%clk 0:05:52]} 31. Bxe1 {[%clk 0:47:44]} Kxb2
{[%clk 0:06:20]} 32. Bb4 {[%clk 0:47:52]} Kb3 {[%clk 0:06:21]} 33. g5
{[%clk 0:45:54]} Bg2 {[%clk 0:05:14]} 34. h4 {[%clk 0:45:55]} a5 {[%clk 0:05:37]}
35. Bf8 {[%clk 0:45:16]} g6 {[%clk 0:05:58]} 36. Kd2 {[%clk 0:44:50]} Bf1
{[%clk 0:05:35]} 37. Kc1 {[%clk 0:44:50]} Kc4 {[%clk 0:05:15]} 38. Bd6
{[%clk 0:44:49]} Kxd4 {[%clk 0:05:38]} 39. Bc7 {[%clk 0:44:55]} Kc5
{[%clk 0:05:56]} 40. Kd2 {[%clk 0:44:32]} d4 {[%clk 0:05:46]} 41. Bd6+
{[%clk 0:44:18]} Kd5 {[%clk 0:05:50]} 42. Bc7 {[%clk 0:43:30]} Kc6
{[%clk 0:06:12]} 43. Bd6 {[%clk 0:43:45]} Bc4 {[%clk 0:06:39]} 44. Bf8
{[%clk 0:43:52]} b5 {[%clk 0:06:52]} 45. Bd6 {[%clk 0:44:05]} b4 {[%clk 0:02:47]}
46. axb4 {[%clk 0:44:22]} a4 {[%clk 0:03:15]} 47. Be7 {[%clk 0:43:51]} Bb5
{[%clk 0:03:42]} 48. Bc5 {[%clk 0:43:20]} Kd5 {[%clk 0:04:02]} 49. Bd6
{[%clk 0:42:47]} a3 {[%clk 0:04:10]} 50. Kc2 {[%clk 0:42:49]} d3+
{[%clk 0:04:26]} 0-1

[Event "Internacional Barreiro"]
[Site "?"]
[Date "2017.10.05"]
[Round "1.4"]
[White "Martins, Bruno Andre Leite"]
[Black "Lages, Duarte Jorge Silva"]
[Result "1-0"]
[BlackElo "1561"]
[WhiteElo "2162"]
[LiveChessVersion "1.4.8"]

1. e4 c5 {[%clk 1:19:39]} 2. Nf3 {[%clk 1:31:08]} Nc6 {[%clk 1:19:04]} 3. d4
{[%clk 1:31:25]} cxd4 {[%clk 1:19:27]} 4. Nxd4 {[%clk 1:31:47]} e6
{[%clk 1:19:21]} 5. Nc3 {[%clk 1:30:57]} a6 {[%clk 1:15:02]} 6. Be2
{[%clk 1:28:21]} Qc7 {[%clk 1:13:20]} 7. Be3 {[%clk 1:28:11]} Nf6
{[%clk 1:10:28]} 8. O-O {[%clk 1:25:01]} b5 {[%clk 1:00:02]} 9. a3
{[%clk 1:24:04]} Bb7 {[%clk 1:00:07]} 10. Bd3 {[%clk 1:17:13]} Rd8
{[%clk 0:45:58]} 11. Re1 {[%clk 1:11:16]} d5 {[%clk 0:43:58]} 12. e5
{[%clk 1:04:19]} Nxe5 {[%clk 0:35:22]} 13. Bf4 {[%clk 1:02:57]} Nfd7
{[%clk 0:33:48]} 14. Qh5 {[%clk 0:58:09]} Bd6 {[%clk 0:26:45]} 15. Nxe6
{[%clk 0:52:55]} Qb8 {[%clk 0:23:41]} 16. Nxg7+ {[%clk 0:51:13]} Kf8
{[%clk 0:14:27]} 17. Qh6 {[%clk 0:50:37]} Nf3+ {[%clk 0:14:43]} 18. gxf3
{[%clk 0:50:57]} Bxf4 {[%clk 0:14:11]} 19. Ne6+ {[%clk 0:50:01]} Ke7
{[%clk 0:14:05]} 20. Nxf4+ {[%clk 0:48:59]} Ne5 {[%clk 0:13:29]} 21. Qg5+
{[%clk 0:49:10]} f6 {[%clk 0:12:36]} 22. Qg7+ 1-0

[Event "Internacional Barreiro"]
[Site "?"]
[Date "2017.10.05"]
[Round "1.5"]
[White "Santos, Ana Maria Casimiro"]
[Black "Fidalgo, Andre Neves"]
[Result "0-1"]
[BlackElo "2149"]
[WhiteElo "1524"]
[LiveChessVersion "1.4.8"]

1. e4 {[%clk 1:21:00]} c5 {[%clk 1:30:37]} 2. Nf3 {[%clk 1:21:13]} g6
{[%clk 1:30:41]} 3. d4 {[%clk 1:21:15]} cxd4 {[%clk 1:30:46]} 4. Nxd4
{[%clk 1:21:38]} Nc6 {[%clk 1:31:08]} 5. Nc3 {[%clk 1:19:51]} Bg7
{[%clk 1:31:29]} 6. Be3 {[%clk 1:19:44]} Nf6 {[%clk 1:31:46]} 7. Bc4
{[%clk 1:17:16]} Qa5 {[%clk 1:30:24]} 8. O-O {[%clk 1:07:59]} O-O
{[%clk 1:29:33]} 9. f3 {[%clk 1:00:13]} Qb6 {[%clk 1:18:27]} 10. Na4
{[%clk 0:53:09]} Qa5 {[%clk 1:12:44]} 11. Nxc6 {[%clk 0:44:20]} bxc6
{[%clk 1:09:49]} 12. Nc5 {[%clk 0:38:12]} d6 {[%clk 1:06:09]} 13. Nd3
{[%clk 0:36:45]} d5 {[%clk 1:05:10]} 14. b4 {[%clk 0:24:39]} Qc7 {[%clk 1:03:02]}
15. exd5 {[%clk 0:23:01]} cxd5 {[%clk 1:00:35]} 16. Bb3 {[%clk 0:21:31]} Rd8
{[%clk 0:52:36]} 17. Bf4 {[%clk 0:12:00]} Qb6+ {[%clk 0:52:53]} 18. Nf2
{[%clk 0:10:52]} Qxb4 {[%clk 0:48:41]} 19. Bg5 {[%clk 0:10:28]} Bf5
{[%clk 0:46:12]} 20. Rb1 {[%clk 0:08:00]} Qc5 {[%clk 0:46:05]} 21. Re1
{[%clk 0:06:05]} Rac8 {[%clk 0:45:51]} 22. Re2 {[%clk 0:04:55]} h6
{[%clk 0:45:16]} 23. Bf4 {[%clk 0:01:59]} g5 {[%clk 0:40:21]} 24. Be5
{[%clk 0:01:44]} g4 {[%clk 0:40:03]} 25. Bd4 {[%clk 0:01:19]} Qa5
{[%clk 0:37:04]} 26. Bxf6 {[%clk 0:00:58]} gxf3 {[%clk 0:33:45]} 27. Rxe7
{[%clk 0:00:38]} Bxf6 {[%clk 0:33:52]} 28. Re3 {[%clk 0:00:40]} Be4
{[%clk 0:29:56]} 29. Nxe4 {[%clk 0:00:37]} dxe4 {[%clk 0:30:19]} 30. Qf1
{[%clk 0:00:43]} Bd4 {[%clk 0:30:35]} 31. Qc1 {[%clk 0:00:32]} Rc3
{[%clk 0:30:50]} 0-1

[Event "Internacional Barreiro"]
[Site "?"]
[Date "2017.10.05"]
[Round "1.6"]
[White "Ferreira, Hugo Miguel da Costa"]
[Black "Bartolo, Filipe Diogo Correia"]
[Result "1-0"]
[BlackElo "1490"]
[WhiteElo "2138"]
[LiveChessVersion "1.4.8"]

1. d4 {[%clk 1:30:58]} Nf6 {[%clk 1:30:50]} 2. Nf3 {[%clk 1:31:22]} e6
{[%clk 1:31:02]} 3. Bf4 {[%clk 1:31:45]} d5 {[%clk 1:30:02]} 4. e3
{[%clk 1:32:08]} Be7 {[%clk 1:30:09]} 5. Nbd2 {[%clk 1:32:24]} O-O
{[%clk 1:29:52]} 6. Bd3 {[%clk 1:32:48]} b6 {[%clk 1:29:24]} 7. a4
{[%clk 1:30:42]} c5 {[%clk 1:24:47]} 8. c3 {[%clk 1:31:04]} Ba6 {[%clk 1:24:01]}
9. Bxa6 {[%clk 1:30:30]} Nxa6 {[%clk 1:24:17]} 10. O-O {[%clk 1:30:52]} Nc7
{[%clk 1:21:04]} 11. Ne5 {[%clk 1:31:02]} Bd6 {[%clk 1:17:19]} 12. Bg5
{[%clk 1:26:07]} Nce8 {[%clk 1:15:19]} 13. f4 {[%clk 1:26:02]} h6
{[%clk 1:15:15]} 14. Bh4 {[%clk 1:26:26]} Qb8 {[%clk 1:15:07]} 15. Ndf3
{[%clk 1:24:02]} Ne4 {[%clk 1:14:42]} 16. Nd7 {[%clk 1:24:19]} Qc7
{[%clk 1:13:56]} 17. Nxf8 {[%clk 1:24:42]} Kxf8 {[%clk 1:14:14]} 18. Ne5
{[%clk 1:24:24]} g6 {[%clk 1:09:23]} 19. c4 {[%clk 1:19:36]} Ng7 {[%clk 1:09:04]}
20. cxd5 {[%clk 1:19:42]} exd5 {[%clk 1:09:16]} 21. dxc5 {[%clk 1:20:05]} Bxe5
{[%clk 1:07:42]} 22. Qxd5 {[%clk 1:20:23]} Re8 {[%clk 1:08:00]} 23. fxe5
{[%clk 1:20:37]} Nf5 {[%clk 1:00:44]} 24. Qxe4 {[%clk 1:20:41]} Rxe5
{[%clk 1:01:04]} 25. cxb6 {[%clk 1:20:18]} axb6 {[%clk 1:01:15]} 26. Qb4+
{[%clk 1:20:44]} Kg8 {[%clk 0:59:59]} 27. Rac1 {[%clk 1:20:44]} Qb7
{[%clk 1:00:07]} 28. Bf6 {[%clk 1:20:13]} Nxe3 {[%clk 1:00:08]} 29. Qd2
{[%clk 1:20:08]} Nxf1 {[%clk 0:59:07]} 30. Qd8+ {[%clk 1:20:32]} 1-0

[Event "Internacional Barreiro"]
[Site "?"]
[Date "2017.10.05"]
[Round "1.7"]
[White "Goncalves, Samuel Jesus Pereira"]
[Black "Pires, Emanuel Joao Robarts"]
[Result "0-1"]
[BlackElo "2046"]
[WhiteElo "1483"]
[LiveChessVersion "1.4.8"]

1. e4 {[%clk 1:30:58]} e6 {[%clk 1:30:53]} 2. d4 {[%clk 1:31:16]} d5
{[%clk 1:31:16]} 3. exd5 {[%clk 1:31:39]} exd5 {[%clk 1:31:43]} 4. Bd3
{[%clk 1:31:44]} Bd6 {[%clk 1:32:07]} 5. Nf3 {[%clk 1:31:23]} Ne7
{[%clk 1:32:28]} 6. O-O {[%clk 1:30:58]} O-O {[%clk 1:32:50]} 7. c3
{[%clk 1:30:28]} Bf5 {[%clk 1:33:00]} 8. Re1 {[%clk 1:29:38]} Bxd3
{[%clk 1:32:22]} 9. Qxd3 {[%clk 1:29:48]} c6 {[%clk 1:32:29]} 10. Bg5
{[%clk 1:27:15]} f6 {[%clk 1:32:52]} 11. Bh4 {[%clk 1:27:36]} Nd7
{[%clk 1:32:45]} 12. Qe3 {[%clk 1:26:42]} Nb6 {[%clk 1:31:47]} 13. Qe6+
{[%clk 1:25:13]} Kh8 {[%clk 1:31:49]} 14. Bg3 {[%clk 1:21:20]} Bxg3
{[%clk 1:31:30]} 15. Qxe7 {[%clk 1:21:24]} Bc7 {[%clk 1:31:00]} 16. b3
{[%clk 1:19:16]} Re8 {[%clk 1:29:38]} 17. Qxd8 {[%clk 1:18:09]} Raxd8
{[%clk 1:29:55]} 18. Nbd2 {[%clk 1:17:51]} Nc8 {[%clk 1:29:53]} 19. Rxe8+
{[%clk 1:17:04]} Rxe8 {[%clk 1:30:22]} 20. Re1 {[%clk 1:17:20]} Rxe1+
{[%clk 1:30:39]} 21. Nxe1 {[%clk 1:17:34]} Kg8 {[%clk 1:30:32]} 22. Nd3
{[%clk 1:17:57]} Kf7 {[%clk 1:30:12]} 23. g3 {[%clk 1:17:42]} Nd6
{[%clk 1:30:28]} 24. f4 {[%clk 1:17:35]} Bb6 {[%clk 1:28:54]} 25. a4
{[%clk 1:16:39]} Ba5 {[%clk 1:28:31]} 26. b4 {[%clk 1:14:02]} Bd8
{[%clk 1:27:01]} 27. Kf2 {[%clk 1:13:31]} a5 {[%clk 1:26:51]} 28. Nc5
{[%clk 1:10:10]} b5 {[%clk 1:13:06]} 29. Ndb3 {[%clk 1:05:19]} axb4
{[%clk 1:07:53]} 30. axb5 {[%clk 1:04:13]} Nxb5 {[%clk 1:02:50]} 31. cxb4
{[%clk 1:03:33]} h5 {[%clk 0:58:01]} 32. Ke3 {[%clk 0:59:08]} Nd6
{[%clk 0:54:36]} 33. Kd3 {[%clk 0:58:29]} Nb5 {[%clk 0:47:20]} 34. Na5
{[%clk 0:57:17]} Na7 {[%clk 0:46:22]} 35. Nab7 {[%clk 0:56:05]} Be7
{[%clk 0:43:35]} 36. h3 {[%clk 0:54:32]} g6 {[%clk 0:31:36]} 37. g4
{[%clk 0:52:32]} Bf8 {[%clk 0:27:49]} 38. f5 {[%clk 0:51:12]} hxg4
{[%clk 0:22:20]} 39. hxg4 {[%clk 0:51:22]} gxf5 {[%clk 0:20:38]} 40. gxf5
{[%clk 0:48:05]} Ke7 {[%clk 0:18:47]} 41. Na5 {[%clk 0:43:34]} Bh6
{[%clk 0:18:33]} 42. Na6 {[%clk 0:42:30]} Kd7 {[%clk 0:17:02]} 43. Nc5+
{[%clk 0:39:33]} Kc7 {[%clk 0:15:55]} 44. Nab3 {[%clk 0:39:04]} Nc8
{[%clk 0:15:31]} 45. Ne6+ {[%clk 0:35:11]} Kb6 {[%clk 0:14:53]} 46. Na5
{[%clk 0:32:50]} Ne7 {[%clk 0:14:51]} 47. Nc5 {[%clk 0:32:07]} Bg5
{[%clk 0:13:51]} 48. Nd7+ {[%clk 0:30:03]} Kb5 {[%clk 0:13:41]} 49. Nb8
{[%clk 0:29:44]} Bh4 {[%clk 0:11:52]} 50. Ke2 {[%clk 0:29:09]} Bg3
{[%clk 0:10:16]} 51. Nd7 {[%clk 0:29:20]} Kxb4 {[%clk 0:08:17]} 52. Nxc6+
{[%clk 0:28:52]} Nxc6 {[%clk 0:08:45]} 53. Nxf6 {[%clk 0:29:10]} Kc4
{[%clk 0:08:28]} 54. Nxd5 {[%clk 0:26:21]} Nxd4+ {[%clk 0:08:28]} 55. Ke3
{[%clk 0:26:37]} Kxd5 {[%clk 0:08:56]} 56. f6 {[%clk 0:26:53]} Ne6
{[%clk 0:08:15]} 57. Kf3 {[%clk 0:27:07]} Bd6 {[%clk 0:08:23]} 58. f7
{[%clk 0:27:12]} Ng5+ {[%clk 0:08:47]} 59. Kg4 {[%clk 0:27:22]} Nxf7
{[%clk 0:09:09]} 60. Kf3 {[%clk 0:27:40]} Ke5 {[%clk 0:08:47]} 61. Kg4
{[%clk 0:27:23]} Ke4 {[%clk 0:08:56]} 62. Kh3 {[%clk 0:27:22]} Kf3
{[%clk 0:08:11]} 63. Kh4 {[%clk 0:27:42]} Bf4 {[%clk 0:06:23]} 64. Kh3
{[%clk 0:27:24]} Ng5+ {[%clk 0:05:59]} 65. Kh4 {[%clk 0:27:29]} Ke4
{[%clk 0:05:33]} 66. Kg4 {[%clk 0:27:45]} Ke5 {[%clk 0:05:43]} 67. Kh4
{[%clk 0:27:38]} Kf5 {[%clk 0:05:50]} 68. Kh5 {[%clk 0:27:22]} Bg3
{[%clk 0:06:07]} 69. Kh6 {[%clk 0:27:29]} Nf7+ {[%clk 0:05:58]} 70. Kh5
{[%clk 0:27:10]} Ne5 {[%clk 0:06:15]} 71. Kh6 {[%clk 0:27:25]} Bh4
{[%clk 0:06:34]} 72. Kg7 {[%clk 0:27:05]} Be7 {[%clk 0:07:01]} 73. Kh6
{[%clk 0:27:28]} Kg4 {[%clk 0:07:21]} 74. Kg7 {[%clk 0:27:24]} Kh5
{[%clk 0:07:34]} 75. Kh8 {[%clk 0:27:19]} Bf8 {[%clk 0:07:38]} 76. Kh7
{[%clk 0:27:10]} Bh6 {[%clk 0:08:00]} 77. Kg8 {[%clk 0:27:32]} Kg6
{[%clk 0:08:24]} 78. Kh8 {[%clk 0:27:39]} Nc6 {[%clk 0:08:49]} 79. Kg8
{[%clk 0:27:54]} Ne7+ {[%clk 0:09:17]} 80. Kh8 {[%clk 0:28:05]} Bg7#
{[%clk 0:09:42]} 0-1

[Event "Internacional Barreiro"]
[Site "?"]
[Date "2017.10.05"]
[Round "1.8"]
[White "Figueiredo, Helder Emanuel"]
[Black "Guia, Artur Solovyov Eloy da"]
[Result "1-0"]
[BlackElo "1478"]
[WhiteElo "2039"]
[LiveChessVersion "1.4.8"]

1. e4 {[%clk 1:29:08]} e5 {[%clk 1:30:37]} 2. Nf3 {[%clk 1:29:30]} Nc6
{[%clk 1:30:57]} 3. d4 {[%clk 1:29:20]} exd4 {[%clk 1:31:19]} 4. Bc4
{[%clk 1:29:38]} Nf6 {[%clk 1:31:41]} 5. O-O {[%clk 1:29:47]} Nxe4
{[%clk 1:32:01]} 6. Re1 {[%clk 1:30:09]} d5 {[%clk 1:32:20]} 7. Bxd5
{[%clk 1:30:32]} Qxd5 {[%clk 1:32:43]} 8. Nc3 {[%clk 1:30:54]} Qa5
{[%clk 1:32:38]} 9. Nxe4 {[%clk 1:31:12]} Be6 {[%clk 1:32:45]} 10. Neg5
{[%clk 1:27:56]} O-O-O {[%clk 1:32:55]} 11. Nxe6 {[%clk 1:27:36]} fxe6
{[%clk 1:33:07]} 12. Rxe6 {[%clk 1:27:36]} Bd6 {[%clk 1:33:18]} 13. Qe2
{[%clk 1:23:34]} h6 {[%clk 1:21:23]} 14. Bd2 {[%clk 1:20:48]} Qb6
{[%clk 1:19:58]} 15. b3 {[%clk 1:18:19]} g5 {[%clk 1:14:30]} 16. Qe4
{[%clk 1:17:08]} Rdg8 {[%clk 1:10:38]} 17. c3 {[%clk 1:12:53]} Bc5
{[%clk 0:55:40]} 18. b4 {[%clk 0:43:51]} Bd6 {[%clk 0:53:37]} 19. Qf5
{[%clk 0:42:50]} Kb8 {[%clk 0:51:45]} 20. a3 {[%clk 0:38:02]} Rf8
{[%clk 0:50:21]} 21. Qd3 {[%clk 0:34:38]} g4 {[%clk 0:48:30]} 22. Nh4
{[%clk 0:32:22]} dxc3 {[%clk 0:46:36]} 23. Be3 {[%clk 0:31:51]} Qa6
{[%clk 0:44:29]} 24. b5 {[%clk 0:30:55]} Nb4 {[%clk 0:42:33]} 25. Qxc3
{[%clk 0:27:05]} Bxh2+ {[%clk 0:42:41]} 26. Kxh2 {[%clk 0:27:31]} Qxe6
{[%clk 0:43:02]} 27. axb4 {[%clk 0:27:25]} b6 {[%clk 0:40:52]} 28. Qa3
{[%clk 0:26:47]} Qe5+ {[%clk 0:40:07]} 29. g3 {[%clk 0:26:35]} a5
{[%clk 0:39:28]} 30. bxa5 {[%clk 0:25:12]} Rf6 {[%clk 0:36:57]} 31. axb6
{[%clk 0:24:52]} Kc8 {[%clk 0:36:32]} 32. Rd1 {[%clk 0:20:30]} Rd6
{[%clk 0:35:50]} 33. Bf4 {[%clk 0:17:03]} Qe2 {[%clk 0:36:03]} 34. Qa8+
{[%clk 0:17:17]} Kd7 {[%clk 0:36:11]} 35. Qc6+ {[%clk 0:17:41]} Ke6
{[%clk 0:35:17]} 36. Rxd6+ {[%clk 0:17:43]} cxd6 {[%clk 0:35:42]} 37. Qxd6+
{[%clk 0:18:02]} Kf7 {[%clk 0:35:59]} 38. Qd5+ {[%clk 0:17:03]} Kf6
{[%clk 0:35:35]} 39. Qf5+ {[%clk 0:15:05]} Ke7 {[%clk 0:35:24]} 40. Qe5+
{[%clk 0:15:31]} Qxe5 {[%clk 0:35:29]} 41. Bxe5 {[%clk 0:15:58]} Re8
{[%clk 0:35:30]} 42. b7 {[%clk 0:16:14]} Ke6 {[%clk 0:35:50]} 43. b8=Q
{[%clk 0:16:34]} Rxb8 {[%clk 0:36:11]} 44. Bxb8 {[%clk 0:16:50]} Kd5
{[%clk 0:36:38]} 45. b6 {[%clk 0:16:59]} Kc6 {[%clk 0:36:47]} 46. Bc7
{[%clk 0:17:21]} Kb7 {[%clk 0:37:00]} 47. Nf5 {[%clk 0:17:44]} h5
{[%clk 0:36:54]} 48. Ng7 {[%clk 0:17:54]} h4 {[%clk 0:37:12]} 49. gxh4
{[%clk 0:18:17]} g3+ {[%clk 0:37:36]} 50. fxg3 {[%clk 0:18:40]} Ka8
{[%clk 0:37:57]} 51. h5 {[%clk 0:19:02]} Kb7 {[%clk 0:38:18]} 52. h6
{[%clk 0:19:24]} Ka8 {[%clk 0:38:43]} 53. h7 {[%clk 0:19:46]} Kb7
{[%clk 0:39:02]} 54. h8=Q {[%clk 0:20:04]} Kc6 {[%clk 0:39:19]} 55. Qe8+
{[%clk 0:20:12]} Kb7 {[%clk 0:39:38]} 56. Qe4+ {[%clk 0:19:56]} Kc8
{[%clk 0:39:53]} 57. Bd6 {[%clk 0:19:56]} Kd8 {[%clk 0:40:11]} 58. Qe7+
{[%clk 0:20:18]} Kc8 {[%clk 0:40:11]} 59. b7# {[%clk 0:20:18]} 1-0